000 00636nam a22001457a 4500
020 _a978-1-4169-1803-5
082 _a823
_bDIX/H
100 _aDIXON, FRANKLIN W
245 _aTHE HARDY BOYS - HAZED
260 _aNEW YORK
_bALADDIN PAPERBACKS
_c2007
300 _a153
520 _aIn "Hazed," the boys go undercover as pledges at a fraternity that has a nasty reputation. In "Death and Diamonds," they investigate the theft of diamonds from a supermodel's dressing room. MISSION: Investigate possible hazing at Eagle River Academy, and find the truth behind a student's death.
650 _aMYSTERY STORIES
_zUNITED STATES
942 _cBK
999 _c7752
_d7752